Výpočet oteplenia palivových tyčí v jadrovom reaktore

Na minha lista:
Detalhes bibliográficos
Autor principal: Gažová, Kristína (Author)
Outros Autores: Bokes, Peter (Thesis advisor)
Formato: Manuscrito Livro
Idioma:eslovaco
Publicado em: Bratislava : STU v Bratislave FEI, 2023
Assuntos:
Acesso em linha:https://opac.crzp.sk/?fn=detailBiblioFormChildK1JEQ3&sid=925BFB95FAA30F229A93CD019F0C&seo=CRZP-detail-kniha
Tags: Adicionar Tag
Sem tags, seja o primeiro a adicionar uma tag!

MARC

LEADER 00000ntm a22000003a 4500
001 stuzp91796
003 SK-STU
005 20240320141729.8
007 ta
008 150427s2015----xo-----f-mn---000-0-slo-d
040 |a STU  |b slo 
041 0 |a slo 
044 |a xo 
100 1 |a Gažová, Kristína  |u 036000  |k Z4  |4 aut  |U FEI Fakulta elektrotechniky a informatiky  |T FEI Ústav jadrového a fyzikálneho inžinierstva  |X 111246  |U E060  |Y 817  |7 111246 
242 0 1 |a Simulation of Temperature Rise of a Fuel Rod in Nuclear Reactor  |y eng 
245 1 0 |a Výpočet oteplenia palivových tyčí v jadrovom reaktore 
260 |a Bratislava :  |b STU v Bratislave FEI,  |c 2023 
300 |a 71 s. 
650 4 |a koeficient tepelnej vodivosti  |2 slo 
650 4 |a palivový prútik  |2 slo 
650 4 |a stacionárne teplotné polia  |2 slo 
650 4 |a fuel rod  |2 eng 
650 4 |a steady-state temperature fields  |2 eng 
650 4 |a thermal conductivity  |2 eng 
700 1 |a Bokes, Peter  |u 036000  |k Z1  |4 ths  |U FEI Fakulta elektrotechniky a informatiky  |T FEI Ústav jadrového a fyzikálneho inžinierstva  |X 4237  |U E060  |Y 817  |7 A000004237 
856 4 |u https://opac.crzp.sk/?fn=detailBiblioFormChildK1JEQ3&sid=925BFB95FAA30F229A93CD019F0C&seo=CRZP-detail-kniha